Internet dùng trong học đường

Wedi'i Gadw mewn:
Manylion Llyfryddiaeth
Prif Awdur: Nguyễn Đức Toàn
Fformat: Llyfr
Iaith:Undetermined
Cyhoeddwyd: Hà Nội Thống kê 2004
Pynciau:
Tagiau: Ychwanegu Tag
Dim Tagiau, Byddwch y cyntaf i dagio'r cofnod hwn!
Thư viện lưu trữ: Trung tâm Học liệu Trường Đại học Cần Thơ
LEADER 00569nam a2200181Ia 4500
001 CTU_73698
008 210402s9999 xx 000 0 und d
082 |a 004.6 
082 |b T406 
100 |a Nguyễn Đức Toàn 
245 0 |a Internet dùng trong học đường 
245 0 |c Nguyễn Đức Toàn và Nguyễn Hùng 
260 |a Hà Nội 
260 |b Thống kê 
260 |c 2004 
650 |a information storage and retrieval,client/server computing 
904 |i Minh 
980 |a Trung tâm Học liệu Trường Đại học Cần Thơ